00824nam a2200193 i 4500001000400000003000400004005001700008008003900025040000800064080000800072100015600080245013400236260002100370500002100391520013400412650003100546650002600577650002700603BPPBPK20171115120123.0150209s1979 pl f |000 0 pol cBPK a697 aCIERPISZ, Zbigniew.d1970 - 1996.bWyższa Szkoła Inżynierska w Koszalinie - Instytut Inżynierii Środowiska,cZakład Ogrzewnictwa i Wentylacji aProjekt techniczny instalacji centralnego ogrzewania w domku jednorodzinnym przy ul. M. Buczka w Koszalinie /cZbigniew Cierpisz. aKoszalin,c1979. aDane z autopsji. aPrzedstawiono opis techniczny oraz obliczenia dotyczące instalacji c.o. w domku jednorodzinnym przy ul. M. Buczka w Koszalinie. 0aBudownictwo jednorodzinne. 0aOgrzewanie centralne. aOgrzewanie - projekty.